[Event "Sonnevanck"]
[Site "Wijk aan Zee"]
[Date "1993.??.??"]
[Round "9"]
[White "Rogers, Ian"]
[Black "Van Mil, Johannes A J"]
[Result "1-0"]
[WhiteElo "2595"]
[BlackElo "2435"]

1.e4 c5 2.Nf3 e6 3.d4 cxd4 4.Nxd4 Nc6 5.Nc3 Qc7 6.Be2 a6 7.O-O Nf6 8.Be3 Bb4
9.Na4 O-O 10.Nxc6 bxc6 11.c4 Bd6 12.f4 Nxe4 13.Bd3 Nf6 14.Bb6 Qb8 15.Bd4 e5
16.Bc3 c5 17.fxe5 Bxe5 18.Rxf6 Bxf6 19.Bxf6 Qf4 20.Bc3 Bb7 21.Qd2 Qxd2 22.Bxd2 d6
23.Nb6 Rad8 24.Bg5 f6 25.Bf4 Rfe8 26.b3 Be4 27.Bf1 g5 28.Bd2 Kg7 29.Rd1 d5
30.cxd5 Bxd5 31.Ba5 Bb7 32.Rc1 Kg6 33.Na4 Rd6 34.Nxc5 Bc8 35.a4 h5 36.b4 h4
37.h3 Re3 38.b5 axb5 39.axb5 Ra3 40.Bc7 Rd2 41.Ne4 Rb2 42.Nd6 Be6 43.b6 Bd5
44.Nc4 Bxc4 45.Bxc4 f5 46.Bd5 Rd3 47.Bf3 g4 48.hxg4 h3 49.b7 Rdb3 50.gxf5+ Kxf5
51.g4+ Kf6 52.b8=Q Rxb8 53.Bxb8 Rxb8 54.Kf2  1-0

[Event "SWZ-GP Wohlen"]
[Site "Wohlen"]
[Date "1993.??.??"]
[Round "6"]
[White "Atlas, Valeri"]
[Black "Kaenel, Hansjuerg"]
[Result "1/2-1/2"]
[WhiteElo "2470"]
[BlackElo "2325"]

1.e4 c5 2.Nf3 e6 3.d4 cxd4 4.Nxd4 Nc6 5.Nc3 Qc7 6.g3 a6 7.Bg2 d6 8.O-O Bd7
9.Re1 Be7 10.Nxc6 Bxc6 11.Qg4 h5 12.Qe2 b5 13.Bd2 Nf6 14.a4 b4 15.Na2 a5
16.c3 b3 17.Nc1 Rb8 18.c4 Nd7 19.Bc3 e5 20.Qd2 Nc5 21.Nd3 Nxd3 22.Qxd3 h4
23.Qd2 hxg3 24.hxg3 Ra8 25.Ra3 O-O 26.Rxb3 Bxa4 27.Ra3 Qxc4 28.Qd5 Qc6 29.Rea1 Bb5
30.Rxa5 Rxa5 31.Rxa5 Rb8 32.Bf1 Qxd5 33.exd5 Bxf1 34.Kxf1 f5 35.Ke2 Kf7 36.Kd3 g5
37.b4 Bf6 38.Ra7+ Kg6 39.Ra6 e4+ 40.Kc4 Rd8 41.b5 Bxc3 42.Kxc3 f4 43.g4 e3
44.fxe3 fxe3 45.Ra1 e2 46.Kd2 Kf6 47.b6 Ke5 48.Kxe2 Rb8 49.Rb1 Kxd5 50.Rb5+ Kc4
51.Rxg5 Rxb6 52.Rg8 d5 53.Rc8+ Kd4 54.Kf3 Rf6+ 55.Kg3 Ke3 56.Re8+ Kd3 57.g5 Rf1
58.Kg4 d4 59.g6 Kc2 60.Rc8+ Kd2 61.Kg5 d3 62.g7 Rg1+ 63.Kf6 Ke2  1/2-1/2

[Event "Zagreb Vukovar"]
[Site "Zagreb"]
[Date "1993.??.??"]
[Round "6"]
[White "Palac, Mladen"]
[Black "Cebalo, Miso"]
[Result "0-1"]
[WhiteElo "2485"]
[BlackElo "2485"]

1.e4 c5 2.Nf3 e6 3.d4 cxd4 4.Nxd4 Nc6 5.Nc3 d6 6.Be3 Nf6 7.Be2 Be7 8.O-O Bd7
9.f4 Nxd4 10.Bxd4 Bc6 11.Qd3 O-O 12.Qg3 g6 13.Qe3 Qa5 14.e5 dxe5 15.fxe5 Nd7
16.Bf3 Rad8 17.Rae1 Nb6 18.Kh1 Nc4 19.Qf2 Bxf3 20.gxf3 Nxb2 21.Ne4 Nc4 22.Bc5 Bxc5
23.Qh4 f6 24.Nxf6+ Rxf6 25.exf6 Ne3 26.f7+ Kg7 27.Qe4 Qd2 28.Rg1 Kxf7 29.Qxb7+ Rd7
30.Qe4 Qd4  0-1

[Event "Zagreb zt"]
[Site "Zagreb"]
[Date "1993.??.??"]
[Round "6"]
[White "Har Zvi, Ronen"]
[Black "Hulak, Krunoslav"]
[Result "0-1"]
[WhiteElo "2485"]
[BlackElo "2540"]

1.e4 c5 2.Nf3 e6 3.d4 cxd4 4.Nxd4 Nc6 5.Nc3 Qc7 6.Be3 a6 7.Bd3 Nf6 8.O-O Ne5
9.h3 d6 10.f4 Nxd3 11.cxd3 Be7 12.f5 Bd8 13.Qb3 Qd7 14.fxe6 fxe6 15.Nce2 O-O
16.Nf4 Re8 17.Nf3 Qb5 18.Qxb5 axb5 19.Ne2 e5 20.Nc3 Bd7 21.Bg5 b4 22.Bxf6 Bb6+
23.Kh2 bxc3 24.Bh4 cxb2 25.Rab1 Rxa2 26.Rfd1 Ba5 27.Be1 Ba4  0-1

[Event "Zalakaros op"]
[Site "Zalakaros"]
[Date "1993.??.??"]
[Round "2"]
[White "Grabics, Monika"]
[Black "Horvath, Gyula"]
[Result "1/2-1/2"]
[WhiteElo "2185"]
[BlackElo "2445"]

1.e4 c5 2.Nf3 e6 3.d4 cxd4 4.Nxd4 Nc6 5.Nc3 Qc7 6.Be2 a6 7.Be3 b5 8.f4 Bb7
9.O-O b4 10.Na4 Nxd4 11.Qxd4 Nf6 12.Bf3 d5 13.Nb6 Rd8 14.exd5 Nxd5 15.Nxd5 Bxd5
16.Rad1 Bxf3 17.Qxd8+ Qxd8 18.Rxd8+ Kxd8 19.Rxf3  1/2-1/2

[Event "Zalakaros op"]
[Site "Zalakaros"]
[Date "1993.??.??"]
[Round "4"]
[White "Grabics, Monika"]
[Black "Horvath, Jozsef"]
[Result "0-1"]
[WhiteElo "2185"]
[BlackElo "2535"]

1.e4 c5 2.Nf3 e6 3.d4 cxd4 4.Nxd4 Nc6 5.Nc3 Qc7 6.Be2 a6 7.O-O Nf6 8.Kh1 Be7
9.f4 d6 10.Be3 O-O 11.Qe1 Nxd4 12.Bxd4 b5 13.e5 dxe5 14.fxe5 Nd7 15.Bf3 Bb7
16.Bxb7 Qxb7 17.Ne4 Rac8 18.c3 Nc5 19.Nf6+ Kh8 20.Rf4 gxf6 21.exf6 Bd6 22.Rh4 Qd5
23.Qe2 Rg8 24.Rf1 Qg5 25.Rh3 Rg6 26.Rf2 Ne4 27.Rf1 Qg4 28.Re3 Qxe2 29.Rxe2 Nc5
30.Rd1 Bf8 31.Be5 Bh6 32.b4 Na4 33.Rd7 Kg8 34.Re1 Nxc3 35.Ra7 Nd5 36.h4 Nxb4
37.Re4 Nc6 38.Rxa6 Nxe5 39.Rxe5 Rc1+ 40.Kh2 Bf4+  0-1

[Event "Zalakaros op"]
[Site "Zalakaros"]
[Date "1993.??.??"]
[Round "6"]
[White "Horvath, Tamas"]
[Black "Tompa, Janos"]
[Result "1/2-1/2"]
[WhiteElo "2440"]
[BlackElo "2435"]

1.e4 c5 2.Nf3 e6 3.d4 cxd4 4.Nxd4 Nc6 5.Nc3 Qc7 6.g3 a6 7.Bg2 d6 8.O-O Bd7
9.Nxc6 Bxc6 10.Ne2 Nf6 11.f3 d5 12.Nd4 Bc5 13.Kh1 Bxd4 14.Qxd4 e5 15.Qb4 dxe4
16.fxe4 a5 17.Qe1 O-O 18.Bg5 Nd7 19.Be3 b6 20.Qe2 Kh8 21.h3 Qb7 22.Bg1 Rad8
23.Rad1 Nf6 24.Rde1 Rd6 25.Rf5 Re8 26.g4 g6 27.Rff1 Kg7 28.c3 Qd7 29.Bxb6 Nxe4
30.Bxe4 Bxe4+ 31.Qxe4 Rxb6 32.Re2 h5 33.Kg2 hxg4 34.hxg4 Rd6 35.Ref2 Rd2
36.Rxd2 Qxd2+ 37.Rf2 Qg5 38.Qc4 Re7 39.Kf1 Qc1+ 40.Kg2 Qg5 41.Kf1 Qh4 42.Qc6 e4
43.Qd6 e3 44.Rh2 e2+ 45.Rxe2 Qh3+ 46.Kf2 Rxe2+ 47.Kxe2 Qxg4+ 48.Ke3 Qg1+
49.Kd2 Qf2+ 50.Kd3 Qf3+ 51.Kd2 Qf2+ 52.Kd3 Qxb2 53.Qe5+ Kh7 54.Qxa5 Qb1+  1/2-1/2

[Event "Zaragoza op"]
[Site "Zaragoza"]
[Date "1993.??.??"]
[Round "?"]
[White "Martinez Garcia, Jose Joaquin"]
[Black "Langeweg, Kick"]
[Result "0-1"]
[WhiteElo "2255"]
[BlackElo "2380"]

1.e4 c5 2.Nf3 e6 3.d4 cxd4 4.Nxd4 Nc6 5.Nc3 Qc7 6.Be2 a6 7.O-O Nf6 8.a4 Bb4
9.Nxc6 bxc6 10.Qd4 Bd6 11.Kh1 O-O 12.f4 e5 13.Qf2 exf4 14.Bxf4 Bxf4 15.Qxf4 Qxf4
16.Rxf4 Re8 17.Bc4 a5 18.g4 Re5 19.h4 d5 20.exd5 cxd5 21.Bb3 Bxg4 22.Nxd5 Nxd5
23.Rxg4 Nf6 24.Rc4 h5 25.Rd1 Ra7 26.Rc8+ Kh7 27.Rf8 Ng4 28.Rd6 Rf5 29.Bc4 Re7
30.Rd2 Re1+ 31.Kg2 Ne3+  0-1

[Event "Zaragoza op"]
[Site "Zaragoza"]
[Date "1993.??.??"]
[Round "?"]
[White "Delanoy, Arnaud"]
[Black "Ruiz, J."]
[Result "0-1"]
[WhiteElo "2190"]
[BlackElo "2270"]

1.e4 c5 2.Nc3 e6 3.Nf3 Nc6 4.d4 cxd4 5.Nxd4 Nf6 6.Be2 Bb4 7.O-O O-O 8.Nxc6 bxc6
9.e5 Nd5 10.Nxd5 cxd5 11.Bd3 Qh4 12.f4 g6 13.Rf3 Bb7 14.Be3 Qe7 15.Rh3 Bc5
16.Bxc5 Qxc5+ 17.Kh1 Rfe8 18.Qg4 Qf8 19.Qh4 Qg7 20.Rf1 a5 21.Re1 Ba6 22.Bxa6 Rxa6
23.Rb3 d6 24.exd6 Rxd6 25.f5 e5 26.Qa4 Ra8 27.Qa3 Qf6 28.fxg6 hxg6 29.Rf3 Qe6
30.Ref1 Rd7 31.Rf6 Qg4 32.h3 Qb4 33.Qg3 Qxb2 34.Rxg6+ fxg6 35.Qxg6+ Rg7 36.Qe6+ Kh7
37.Qf5+ Kh8  0-1

[Event "Zillertal op"]
[Site "Zillertal"]
[Date "1993.??.??"]
[Round "?"]
[White "Gazik, Igor"]
[Black "Cebalo, Miso"]
[Result "0-1"]
[WhiteElo "2425"]
[BlackElo "2485"]

1.e4 c5 2.Nf3 e6 3.d4 cxd4 4.Nxd4 Nc6 5.Nc3 d6 6.Be2 Nf6 7.O-O Be7 8.Be3 Bd7
9.f4 Nxd4 10.Bxd4 Bc6 11.Qe1 O-O 12.Qg3 g6 13.Bf3 b5 14.Rad1 b4 15.e5 Bxf3
16.Qxf3 bxc3 17.exf6 Bxf6 18.Qxc3 Bxd4+ 19.Qxd4 d5 20.Rf3 Rb8 21.Ra3 a5 22.Rb3 Qc7
23.Rd2 Rxb3 24.axb3 Rb8 25.Rf2 Rb4 26.Qf6 Re4 27.g4 h6 28.h3 d4 29.h4 Re1+
30.Kh2 Qc6 31.Rg2 Qd6 32.h5 g5 33.Rf2 Qd5 34.fxg5 Qh1+ 35.Kg3 Re3+ 36.Rf3 Qe1+
37.Kh3 Rxf3+ 38.Qxf3 hxg5 39.Kg2 Qe5 40.Qa8+ Kg7 41.Qf3 f5 42.c4 Kh6 43.Kf1 fxg4
44.Qxg4 d3 45.Qd1 Qf4+ 46.Kg2 d2 47.Qc2 Qg4+ 48.Kf2 d1=N+ 49.Ke1 Qxh5 50.Qxd1 Qxd1+
51.Kxd1 Kg6 52.Ke2 e5 53.Kf3 Kf5 54.Ke3 g4 55.Ke2 e4 56.Kf2 Kf4 57.c5 Ke5  0-1

[Event "Zouberi zt"]
[Site "Zouberi"]
[Date "1993.??.??"]
[Round "1"]
[White "Kotronias, Vasilios"]
[Black "Kalesis, Nikolaos"]
[Result "1-0"]
[WhiteElo "2530"]
[BlackElo "2310"]

1.e4 c5 2.Nf3 e6 3.d4 cxd4 4.Nxd4 Nc6 5.Nc3 Qc7 6.Be2 a6 7.O-O Nf6 8.Be3 d6
9.f4 Be7 10.Qe1 O-O 11.Qg3 Nxd4 12.Bxd4 b5 13.a3 Bb7 14.Rae1 d5 15.e5 Ne4
16.Qe3 f5 17.exf6 Bxf6 18.Bg4 Qf7 19.Bxf6 gxf6 20.Nxe4 dxe4 21.f5 e5 22.Rd1 Qc7
23.c3 Rad8 24.Be2 Kh8 25.g4 Qc6 26.Kf2 Qc7 27.Rxd8 Rxd8 28.Rd1 Rg8 29.h4 Bc8
30.Rd5 Bb7 31.Rd2 Bc8 32.Ke1 Qg7 33.h5 h6 34.Rd6 Kh7 35.Kd1 Qc7 36.Qb6 Qxb6
37.Rxb6 Rd8+ 38.Ke1 e3 39.Rxf6 Rd2 40.Rf7+ Kg8 41.Re7  1-0

[Event "Aarhus int"]
[Site "Aarhus"]
[Date "1994.??.??"]
[Round "6"]
[White "Hoiberg, Nina"]
[Black "Nielsen, Uffe V"]
[Result "1/2-1/2"]
[WhiteElo "2225"]
[BlackElo "2385"]

1.e4 c5 2.Nf3 e6 3.d4 cxd4 4.Nxd4 Nc6 5.Nc3 Qc7 6.Be2 a6 7.f4 d6 8.a4 Be7
9.Nf3 Nf6 10.h3 b6 11.O-O Bb7 12.Kh1 O-O 13.Qe1 Nd7 14.Bd3 Nc5 15.Qg3 Nb4
16.f5 Kh8 17.Nh2 Rae8 18.Ng4 Qd8 19.Bh6 Rg8 20.fxe6 fxe6 21.Bf4 Bh4 22.Qf3 Rgf8
23.Qe2 Nbxd3 24.cxd3 Nb3 25.Rad1 Nd4 26.Qd2 e5 27.Be3 Bc8 28.Nh2 Bd7 29.Kg1 Bg3
30.Bxd4 exd4 31.Ne2 Bxh2+ 32.Kxh2 Bxa4 33.Ra1 Rxf1 34.Rxf1 Qe7 35.Nxd4 Qe5+
36.Qf4 g5 37.Qxe5+ dxe5 38.Nf3 h6 39.Rc1 Bb5 40.d4 exd4 41.Nxd4 Rxe4 42.Nxb5  1/2-1/2

[Event "Alcobendas m"]
[Site "Alcobendas"]
[Date "1994.??.??"]
[Round "3"]
[White "Topalov, Veselin"]
[Black "Illescas Cordoba, Miguel"]
[Result "1-0"]
[WhiteElo "2645"]
[BlackElo "2590"]

1.e4 c5 2.Nf3 Nc6 3.d4 cxd4 4.Nxd4 e6 5.Nc3 a6 6.g3 Nge7 7.Nb3 d6 8.a4 Bd7
9.Bg2 Nc8 10.O-O Be7 11.Qe2 O-O 12.Be3 Qc7 13.f4 Rb8 14.g4 Re8 15.g5 Nb4
16.Qf2 b5 17.axb5 axb5 18.f5 Nxc2 19.Qxc2 b4 20.g6 e5 21.Nc5 bxc3 22.Na6 Rxb2
23.Nxc7 Rxc2 24.Nxe8 Bxe8 25.f6 Rxg2+ 26.Kxg2 Bxf6 27.Ra8 Bd7 28.Rc1  1-0

[Event "Alcobendas m"]
[Site "Alcobendas"]
[Date "1994.??.??"]
[Round "5"]
[White "Topalov, Veselin"]
[Black "Illescas Cordoba, Miguel"]
[Result "1-0"]
[WhiteElo "2645"]
[BlackElo "2590"]

1.e4 c5 2.Nf3 e6 3.d4 cxd4 4.Nxd4 Nc6 5.Nc3 a6 6.g3 d6 7.Bg2 Bd7 8.O-O Nf6
9.a4 Be7 10.Be3 O-O 11.f4 Rc8 12.Nb3 Na5 13.Nxa5 Qxa5 14.Qd2 Rfe8 15.h3 h5
16.Kh2 Rc4 17.Qe2 Rxc3 18.bxc3 Qxc3 19.Bd2 Qxc2 20.Rfc1 Qb3 21.Rcb1 Qc2 22.Rxb7 e5
23.fxe5 dxe5 24.Qe3 Bxa4 25.Bc3 Bb5 26.Bxe5 Qc6 27.Rb8 Qe6 28.Rxe8+ Nxe8
29.Qd4 h4 30.Qd5 Qh6 31.Bf4 hxg3+ 32.Bxg3 Bg5 33.Ra3 Nf6 34.Qa8+ Kh7 35.e5 Ng4+
36.Kh1 Ne3 37.Qe4+ g6 38.e6 Nxg2 39.Kxg2 fxe6 40.Rf3 Qg7 41.h4 Bh6 42.h5 Be8
43.Qxe6 Qg8 44.Qe4 Bg5 45.Bd6 Qa2+ 46.Rf2 Qg8 47.Bf8 Bd8 48.Qb7+ Kh8 49.Bh6 gxh5+
50.Kh1 Bg5 51.Bxg5  1-0

[Event "Alcobendas op"]
[Site "Alcobendas"]
[Date "1994.??.??"]
[Round "7"]
[White "Damaso, Rui"]
[Black "Pogorelov, Ruslan"]
[Result "0-1"]
[WhiteElo "2420"]
[BlackElo "2415"]

1.e4 c5 2.Nf3 e6 3.d4 cxd4 4.Nxd4 Nc6 5.Nc3 Qc7 6.Ndb5 Qb8 7.a4 a6 8.Na3 Nf6
9.g3 Bb4 10.Bg2 Qc7 11.O-O d6 12.Ncb5 axb5 13.Nxb5 Qb8 14.c3 Bc5 15.b4 Ba7
16.Nxd6+ Ke7 17.Nxc8+ Qxc8 18.Ba3 Ne5 19.b5+ Bc5 20.Qd4 Bxa3 21.Rxa3 Nfd7
22.f4 Nc4 23.Qxg7 Qc5+  0-1

[Event "Altensteig-J"]
[Site "Altensteig"]
[Date "1994.??.??"]
[Round "?"]
[White "Schmaltz, Roland"]
[Black "Kellenberger, Stephane"]
[Result "1-0"]
[WhiteElo "2445"]
[BlackElo "2260"]

1.e4 c5 2.Nf3 e6 3.d4 cxd4 4.Nxd4 Nc6 5.Nc3 Qc7 6.Nb3 a6 7.Bd3 Nf6 8.O-O Be7
9.f4 d6 10.Qf3 Bd7 11.Bd2 O-O 12.Rae1 Be8 13.Qh3 g6 14.f5 Bd7 15.Bh6 Ne5
16.fxg6 fxg6 17.Bxf8 Rxf8 18.Kh1 Nfg4 19.Rxf8+ Bxf8 20.Qg3 Qb6 21.Rf1 Ne3
22.Qf2 Bh6 23.Nd1 N5g4 24.Qf7+ Kh8 25.Qxd7 Nxf1 26.Qc8+ Kg7 27.Qc3+ e5 28.Bxf1 Nf2+
29.Nxf2 Qxf2 30.Qf3  1-0

[Event "Altensteig"]
[Site "Altensteig"]
[Date "1994.??.??"]
[Round "6"]
[White "Vogt, Lothar"]
[Black "Ribli, Zoltan"]
[Result "1/2-1/2"]
[WhiteElo "2515"]
[BlackElo "2605"]

1.e4 c5 2.Nf3 Nc6 3.d4 cxd4 4.Nxd4 e6 5.Nc3 Qc7 6.g3 a6 7.Bg2 Nf6 8.O-O Be7
9.Re1 O-O 10.Nxc6 dxc6 11.e5 Rd8 12.Qf3 Nd5 13.h4 Nxc3 14.Qxc3 Bd7 15.Bg5  1/2-1/2

[Event "Alushta2"]
[Site "Alushta"]
[Date "1994.??.??"]
[Round "1"]
[White "Varavin, Viktor"]
[Black "Tregubov, Pavel V"]
[Result "1-0"]
[WhiteElo "2510"]
[BlackElo "2495"]

1.e4 c5 2.Nf3 Nc6 3.d4 cxd4 4.Nxd4 e6 5.Nc3 Qc7 6.Be2 a6 7.O-O Nf6 8.Be3 Bb4
9.Na4 O-O 10.c4 Bd6 11.g3 Nxe4 12.Bf3 f5 13.c5 Be5 14.Bxe4 fxe4 15.a3 Rd8
16.Nb6 Rb8 17.Nc4 d5 18.cxd6 Bxd6 19.Nxd6 Rxd6 20.Qh5 Bd7 21.Nxc6 Qxc6 22.Rac1 Qd5
23.Qh4 Bb5 24.Rfe1 Rf8 25.h3 Qf5 26.Rc7 Rd7 27.Rec1 Rxc7 28.Rxc7 Qe5 29.Qe7 Qxb2
30.Bc5 Ra8 31.Qf7+ Kh8 32.Bf8  1-0

[Event "Alushta1"]
[Site "Alushta"]
[Date "1994.??.??"]
[Round "4"]
[White "Kuzmin, Gennadi P"]
[Black "Fominyh, Alexander"]
[Result "1/2-1/2"]
[WhiteElo "2505"]
[BlackElo "2515"]

1.e4 c5 2.Nf3 e6 3.d4 cxd4 4.Nxd4 Nc6 5.Nc3 Qc7 6.g3 a6 7.Bg2 Nf6 8.O-O Nxd4
9.Qxd4 Bc5 10.Qd3 Ng4 11.Bf4 Ne5 12.Qe2 b5 13.Nd5 Qb8 14.Ne3 d6 15.Ng4 Ng6
16.Be3 Qb6 17.c4 Bxe3 18.Nxe3 Ne5 19.Rfd1 O-O 20.b3 Rd8 21.Rac1 Bb7 22.Qd2 Nc6
23.h3 h6 24.Ng4 e5 25.Ne3 Nd4 26.Nf5 Nxf5 27.exf5 Bxg2 28.Kxg2 bxc4 29.bxc4 Qc6+
30.Qd5 Rac8 31.g4 Qxd5+ 32.cxd5 Kf8 33.Rc6 Rxc6 34.dxc6 Ke7 35.Rb1 Rc8 36.Rb7+ Kf6
37.Rb6 a5 38.a4 d5 39.Rb5 d4 40.Rc5 e4 41.Kf1 d3 42.Ke1 Ke7 43.Re5+ Kf6 44.Rc5 Ke7  1/2-1/2

[Event "Alushta2"]
[Site "Alushta"]
[Date "1994.??.??"]
[Round "5"]
[White "Golubev, Mihail"]
[Black "Tregubov, Pavel V"]
[Result "1/2-1/2"]
[WhiteElo "2560"]
[BlackElo "2495"]

1.e4 c5 2.Nf3 e6 3.d4 cxd4 4.Nxd4 Nc6 5.Nc3 Qc7 6.Be3 a6 7.Bd3 Nf6 8.O-O Nxd4
9.Bxd4 Bc5 10.Be2 d6 11.Qd2 b5 12.Rad1 Bb7 13.Bf3 Rd8 14.e5 Bxf3 15.exf6 Bxd4
16.Qxd4 Bxd1 17.fxg7 Rg8 18.Ne4 Bf3 19.Nf6+ Ke7 20.Nxg8+ Rxg8 21.gxf3 Qc5
22.Rd1 Qxd4 23.Rxd4 Rxg7+ 24.Kf1 d5 25.a4 Kd6 26.axb5 axb5 27.Rh4 f6 28.Ke2 Rc7
29.Kd3 e5 30.Rh6 Ke6 31.Rh4 d4 32.f4 Kf5 33.fxe5 fxe5 34.c3 dxc3 35.bxc3 e4+
36.Kd2 Rd7+ 37.Ke2 Rd3 38.Rxh7 Rxc3 39.Rh5+ Kf4 40.Rxb5 Rh3  1/2-1/2

[Event "Alushta2"]
[Site "Alushta"]
[Date "1994.??.??"]
[Round "9"]
[White "Timoshenko, Georgy"]
[Black "Tregubov, Pavel V"]
[Result "0-1"]
[WhiteElo "2520"]
[BlackElo "2495"]

1.e4 c5 2.Nf3 e6 3.d4 cxd4 4.Nxd4 Nc6 5.Nc3 Qc7 6.Be2 a6 7.O-O Nf6 8.Be3 Bb4
9.Na4 O-O 10.Nxc6 bxc6 11.c4 Bd6 12.f4 Nxe4 13.Bd3 Nf6 14.c5 Be7 15.Bd4 Rd8
16.Rf3 Rb8 17.a3 Kf8 18.Qc2 d6 19.Re1 dxc5 20.Be5 Bd6 21.Bxh7 c4 22.Kh1 Rb5
23.Nc3 Ra5 24.Bxf6 gxf6 25.f5 Kg7 26.Ne4 Rh8 27.Nxf6 Re5 28.Nh5+ Kf8 29.Rxe5 Bxe5
30.f6 Qb6 31.Rf1 c5 32.Qe4 Qd6 33.h3 Qd5 34.Qc2 Bb7 35.Rf2 Rxh7 36.Rd2 Rxh5
37.Rxd5 Bxd5 38.Qf2 Rxh3+  0-1

[Event "Amstelveen"]
[Site "Amstelveen"]
[Date "1994.??.??"]
[Round "4"]
[White "Bosch, Jeroen"]
[Black "Loeffler, Stefan"]
[Result "1/2-1/2"]
[WhiteElo "2370"]
[BlackElo "2440"]

1.e4 c5 2.Nf3 e6 3.d4 cxd4 4.Nxd4 Nc6 5.Nc3 Qc7 6.g3 a6 7.Bg2 d6 8.O-O Bd7
9.Re1 Be7 10.Nxc6 Bxc6 11.Qg4 h5 12.Qe2 h4 13.a4 hxg3 14.hxg3 Nf6 15.Bd2 b6
16.f4 Bb7 17.Bf3 O-O-O 18.Kg2 d5 19.e5 Ne4 20.Rh1 Bb4 21.Rxh8 Rxh8 22.Nb5 axb5
23.Bxb4 g5 24.Bd6 Nxd6 25.exd6 Qxd6 26.Qe5 Qxe5 27.fxe5 bxa4 28.Rxa4 Kd7
29.Rg4 Rg8 30.Kf2 Bc6 31.c4 Ra8 32.cxd5 Bxd5 33.Bxd5 exd5 34.Rb4 Kc6 35.Ke3 Ra1
36.Kd2 Rb1 37.Rg4 Rxb2+ 38.Kc3 Rf2 39.Rxg5 Kc5 40.Kd3 b5 41.Ke3 Rf1 42.Ke2 Ra1
43.Rf5 Ra7 44.Kd3 b4 45.g4 b3 46.Kc3 Rb7 47.Kb2 Kd4 48.Rg5 Ke4 49.Rg7 Re7
50.Kxb3 Kxe5 51.g5 Ke6 52.Kc3 Re8 53.Kd4 Rh8 54.g6 Rh4+ 55.Kd3 f5 56.Rg8 Rh3+
57.Kd4 Rh4+ 58.Kd3 Kf6 59.g7 Rf4 60.Rd8 Kxg7 61.Rxd5 Kf6 62.Ke3 Kg5 63.Rd8  1/2-1/2

[Event "Andorra op"]
[Site "Andorra"]
[Date "1994.??.??"]
[Round "2"]
[White "Vehi Bach, Victor Manuel"]
[Black "Jansa, Vlastimil"]
[Result "1/2-1/2"]
[WhiteElo "2455"]
[BlackElo "2500"]

1.e4 c5 2.Nf3 e6 3.d4 cxd4 4.Nxd4 Nc6 5.Nc3 a6 6.Be2 d6 7.O-O Nf6 8.Be3 Be7
9.f4 O-O 10.a4 Re8 11.Kh1 Qc7 12.Bf3 Rb8 13.Qe2 Nxd4 14.Bxd4 e5 15.Ba7 Ra8
16.Be3 Be6 17.Qf2 exf4 18.Bxf4 Nd7 19.Rad1 Ne5 20.Nd5 Bxd5 21.Rxd5 Bf8 22.b3 Re6
23.c4 a5 24.Rfd1 b6 25.Bxe5 Rxe5 26.Rxe5 dxe5 27.Qd2 Bc5 28.Qd7 Qxd7 29.Rxd7 g6
30.g3 Kg7 31.Kg2 Kf6 32.Bg4 h5 33.Bh3 Rf8 34.Rc7 Kg5 35.Rc8 f5 36.Rxf8 Bxf8
37.Kf3 Bc5 38.Bf1 h4 39.Bd3 hxg3 40.hxg3 Bd4 41.Bc2 f4 42.g4 Kf6 43.c5 Bxc5
44.Bd3  1/2-1/2

[Event "Antwerp op"]
[Site "Antwerp"]
[Date "1994.??.??"]
[Round "9"]
[White "Ziatdinov, Raset"]
[Black "Meulders, Richard"]
[Result "1-0"]
[WhiteElo "2410"]
[BlackElo "2300"]

1.e4 c5 2.Nf3 e6 3.d4 cxd4 4.Nxd4 Nc6 5.Nc3 Qc7 6.Be3 a6 7.Bd3 Nf6 8.Nb3 b5
9.f4 d6 10.Qf3 Bb7 11.O-O Be7 12.Rae1 O-O 13.Qh3 Nb4 14.Nd4 Nxd3 15.cxd3 Rac8
16.g4 b4 17.Nce2 Nd7 18.g5 Nc5 19.Rd1 Rfe8 20.Ng3 Qd8 21.Nh5 a5 22.f5 e5
23.Nxg7 exd4 24.Bxd4 Bf8 25.Nxe8 Qxe8 26.Rf4 Nxe4 27.Qxh7+  1-0

[Event "AUT-chT"]
[Site "?"]
[Date "1994.??.??"]
[Round "?"]
[White "Neulinger, Manfred"]
[Black "Felsberger, Alfred"]
[Result "0-1"]
[WhiteElo "2290"]
[BlackElo "2360"]

1.e4 c5 2.Nf3 Nc6 3.d4 cxd4 4.Nxd4 e6 5.Nc3 a6 6.g3 Nge7 7.Bg2 Nxd4 8.Qxd4 Nc6
9.Qe3 Be7 10.O-O O-O 11.f4 Qc7 12.Qf2 b5 13.Be3 d6 14.Bb6 Qb7 15.e5 d5 16.a4 Rb8
17.Bc5 Bxc5 18.Qxc5 b4 19.Ne2 Qb6 20.Qxb6 Rxb6 21.a5 Rb5 22.b3 Bb7 23.Ra4 Rxa5
24.Rxa5 Nxa5 25.f5 Nc6 26.fxe6 fxe6 27.Nf4 Nd8 28.Bh3 Re8 29.Kf2 Kf7 30.Ke3 Ke7
31.Kd4 Bc6 32.Ra1 Bb5 33.Kc5 Rf8 34.Kxb4 g5 35.c4 dxc4 36.bxc4 Nc6+ 37.Kc5 Bxc4
38.Kxc4 gxf4 39.Rxa6 Nxe5+ 40.Kd4 Nf3+ 41.Kd3 Rd8+ 42.Kc3 Ng5 43.Bg4 f3 44.Ra4 f2
45.Be2 Rf8 46.h4 Nf3  0-1

[Event "AUT-chT2S 9394"]
[Site "AUT"]
[Date "1994.??.??"]
[Round "?"]
[White "Scheck, Rudolf"]
[Black "Stranegger, E."]
[Result "1-0"]
[WhiteElo "2200"]
[BlackElo "2120"]

1.e4 c5 2.Nf3 Nc6 3.d4 cxd4 4.Nxd4 e6 5.Nc3 Qc7 6.Be2 a6 7.f4 d6 8.Be3 Nf6
9.O-O Be7 10.Qe1 O-O 11.Qg3 Bd7 12.Rae1 b5 13.a3 Rac8 14.Kh1 Qd8 15.Rd1 Qc7
16.e5 Ne8 17.Bd3 f5 18.exf6 Nxf6 19.Ne4 Nd5 20.Nxc6 Qxc6 21.Bd4 Bf6 22.Bxf6 Nxf6
23.Nxd6 Rcd8 24.f5 Qc7 25.fxe6 Bxe6 26.Nf5 Qxg3 27.Nxg3 Bd5 28.Kg1 Rfe8 29.Rfe1 Rf8
30.Re7 Rf7 31.Rde1 Kf8 32.Rxf7+ Kxf7 33.h3 g6 34.Kf2 Rc8 35.Re2 Rc7 36.c3 Rd7
37.Ne4 Nxe4+ 38.Bxe4 Be6 39.Bf3 Bf5 40.g4 Bd3 41.Rd2 Ke6 42.Ke3 Bc4 43.Rxd7 Kxd7
44.h4 Kd6 45.Kd4 a5 46.g5 Be6 47.Be4 Bf7 48.Bd3 Be8 49.c4 bxc4 50.Bxc4 Ke7
51.Ke5 Kf8 52.b4 axb4 53.axb4 Bc6 54.b5 Bb7 55.Bd5 Bc8 56.b6 Kg7 57.b7 Bxb7
58.Bxb7 h6 59.Bd5 Kh8 60.Kf6 hxg5 61.hxg5 Kh7 62.Bf7 Kh8 63.Bxg6 Kg8 64.Be4 Kh8  1-0

[Event "AUT-chT2S 9394"]
[Site "AUT"]
[Date "1994.??.??"]
[Round "?"]
[White "Scheck, Rudolf"]
[Black "Wallner, Walter"]
[Result "1-0"]
[WhiteElo "2200"]
[BlackElo "2205"]

1.e4 c5 2.Nf3 e6 3.d4 cxd4 4.Nxd4 Nc6 5.Nc3 Qc7 6.Be3 a6 7.Bd3 Nf6 8.O-O Be7
9.Kh1 O-O 10.f4 d6 11.Qf3 Bd7 12.Qg3 Rfe8 13.Rae1 Bf8 14.Nf3 b5 15.e5 Nh5
16.Qh3 g6 17.g4 dxe5 18.gxh5 exf4 19.hxg6 hxg6 20.Ng5 Bg7 21.Qh7+ Kf8 22.Bxf4 e5
23.Be3 Be6 24.Bc5+  1-0

[Event "AUT-chT2S 9394"]
[Site "AUT"]
[Date "1994.??.??"]
[Round "?"]
[White "Kotz, Heinz Peter"]
[Black "Egartner, Wolfgang"]
[Result "1/2-1/2"]
[WhiteElo "2225"]
[BlackElo "2215"]

1.e4 c5 2.Nf3 e6 3.d4 cxd4 4.Nxd4 Nc6 5.Nc3 a6 6.g3 Nge7 7.Bg2 Nxd4 8.Qxd4 Nc6
9.Qd3 Be7 10.O-O O-O 11.f4 d6 12.Be3 b5 13.a3 Qc7 14.Rad1 Bb7 15.g4 Na5 16.g5 Nc4
17.Bc1 Rac8 18.Rf3 Rfd8 19.Rh3 g6 20.Qg3 f5 21.exf5 Qc5+ 22.Kh1 Bxg2+ 23.Qxg2 Qxf5
24.Rhd3 d5 25.Re1 Bf8 26.Qe2 Rc6 27.Qf3  1/2-1/2

[Event "Bahn-chG"]
[Site "Bad Laasphe"]
[Date "1994.??.??"]
[Round "5"]
[White "Mietner, Franz"]
[Black "Staresina, Mirko"]
[Result "1-0"]
[WhiteElo "1800"]
[BlackElo "1695"]

1.e4 c5 2.Nf3 Nc6 3.d4 cxd4 4.Nxd4 e6 5.Nc3 Bc5 6.Be3 Nf6 7.Nxc6 Qb6 8.Bxc5 Qxb2
9.Bb4 Nxe4 10.Nxe4 bxc6 11.Nd6+ Kd8 12.Ba5+ Ke7 13.Nc4 Qf6 14.Qd6+ Ke8 15.Rd1 Qe7
16.Bb4  1-0

[Event "Baile Herculane (Women)"]
[Site "Baile Herculane"]
[Date "1994.??.??"]
[Round "7"]
[White "Marin Ionescu, Luiza"]
[Black "Uskova, Fliura"]
[Result "1/2-1/2"]
[WhiteElo "2115"]
[BlackElo "2255"]

1.e4 c5 2.Nf3 e6 3.d4 cxd4 4.Nxd4 Nc6 5.Nc3 Qc7 6.Nxc6 bxc6 7.Bd3 Nf6 8.Qe2 e5
9.O-O Be7 10.f4 d6 11.Kh1 Nd7 12.Nd1 exf4 13.Bxf4 Ne5 14.Ne3 O-O 15.Bxe5 dxe5  1/2-1/2

[Event "EUCup Gr4"]
[Site "Balatonbereny"]
[Date "1994.??.??"]
[Round "?"]
[White "Rogic, Davor"]
[Black "Horvath, Jozsef"]
[Result "1/2-1/2"]
[WhiteElo "2460"]
[BlackElo "2520"]

1.e4 c5 2.Nf3 e6 3.d4 cxd4 4.Nxd4 Nc6 5.Nc3 Qc7 6.Be2 a6 7.O-O Nf6 8.Be3 Be7
9.f4 d6 10.a4 O-O 11.Kh1 Re8 12.Bf3 Rb8 13.Qd2 Bd7 14.Nb3 b6 15.Qf2 Na5 16.Nd2 Kh8
17.Be2 b5 18.axb5 axb5 19.e5 Nd5 20.Nxd5 exd5 21.Nf3 Nc6 22.Bd3 b4 23.exd6 Qxd6
24.Ne5 Kg8 25.Bc5 Qc7 26.Bxe7 Rxe7 27.Qc5 Be8 28.Nxc6 Bxc6 29.Rfe1 Rxe1+
30.Rxe1 Qb6 31.Qxb6 Rxb6 32.Kg1 Kf8 33.Kf2 d4 34.Re5 b3 35.Rc5 bxc2 36.Rxc2 Ke7
37.b4 Kd6 38.Rb2 g6 39.g3 Rb8 40.Bc4 Bd5 41.Bd3 Re8 42.Be2 Be4 43.Bc4 Bd5
44.Be2 Be4 45.Bc4  1/2-1/2

[Event "EUCup Gr4"]
[Site "Balatonbereny"]
[Date "1994.??.??"]
[Round "?"]
[White "Dvoirys, Semen I"]
[Black "Lundin, Anders"]
[Result "1-0"]
[WhiteElo "2535"]
[BlackElo "2270"]

1.e4 c5 2.Nf3 e6 3.d4 cxd4 4.Nxd4 Nc6 5.Nc3 d6 6.Be3 Nf6 7.Qd2 Be7 8.f3 O-O
9.O-O-O a6 10.g4 Nd7 11.h4 Nde5 12.Qf2 Bd7 13.g5 b5 14.Nxc6 Bxc6 15.Bd4 Qb8
16.Rg1 b4 17.Ne2 a5 18.Ng3 b3 19.cxb3 a4 20.Kb1 axb3 21.a3 Nd7 22.h5 d5 23.g6 fxg6
24.hxg6 e5 25.Be3 dxe4 26.Bc4+ Kh8 27.Rh1  1-0